Essays in Zen Buddhism, first series

This book is collection of the essays orignally published in the Eastern Buddhist, except one on the History of Zen Buddhism which was written specially for this volume; but all of them have been thoroughly revised and in some parts entirely rewritten and new chapters added,...

Guardado en:
Detalles Bibliográficos
Autor principal: Suzuki, Daisetz Teitaro
Formato: Libro
Lenguaje:Undetermined
Publicado: London Rider, 1970
Materias:
Etiquetas: Agregar Etiqueta
Sin Etiquetas, Sea el primero en etiquetar este registro!
Thư viện lưu trữ: Trung tâm Học liệu Trường Đại học Cần Thơ
LEADER 00856nam a2200205Ia 4500
001 CTU_108996
008 210402s9999 xx 000 0 und d
082 |a 294.3927 
082 |b S968 
100 |a Suzuki, Daisetz Teitaro 
245 0 |a Essays in Zen Buddhism, first series 
245 0 |c Daisetz Teitaro Suzuki ; [edited by Christmas Humphreys]. 
260 |a London 
260 |b Rider, 
260 |c 1970 
520 |a This book is collection of the essays orignally published in the Eastern Buddhist, except one on the History of Zen Buddhism which was written specially for this volume; but all of them have been thoroughly revised and in some parts entirely rewritten and new chapters added,... 
650 |a Zen buddhism 
650 |x Addresses, essays, lectures. 
904 |i Năm 
980 |a Trung tâm Học liệu Trường Đại học Cần Thơ